| 000 | 01596nam a2200409 4500 | ||
|---|---|---|---|
| 001 | 197548 | ||
| 003 | ES-MaACL | ||
| 005 | 20260213134528.0 | ||
| 008 | 921204s1990 sp | |||| ||spa d | ||
| 016 | 7 |
_abimoBNE19930958855 _zCHM920013173 _2SpMaBN |
|
| 017 |
_aM 47087-1990 _bOficina Depósito Legal Madrid |
||
| 020 | _a8486280559 | ||
| 035 | _a(OCoLC)433494077 | ||
| 035 | _a(SpMaBN)Mimo0000367187 | ||
| 035 | _a991055957789708606 | ||
| 040 |
_aSpMaBN _bspa _cCHM |
||
| 080 | _a929 Cervantes Saavedra, Miguel de | ||
| 100 | 1 |
_aCabezas, Juan Antonio, _d1900-1993 _933200 _eaut |
|
| 240 | 1 | 0 | _aCervantes en Madrid |
| 245 | 1 | 0 |
_aCervantes en Madrid : _bvida y muerte / _cJuan Antonio Cabezas ; prólogo, Agustín Rodríguez Sahagún |
| 250 | _a[1ª ed.] | ||
| 260 |
_aMadrid : _bAvapies, _bAyuntamiento, _c1990 |
||
| 300 |
_a175 p. ; _c23 cm |
||
| 336 |
_2rdacontent _atexto |
||
| 337 |
_2rdamedia _asin mediación |
||
| 338 |
_2rdacarrier _avolumen |
||
| 490 |
_aMatrice ; _v6 _9226837 |
||
| 600 | 1 | 4 |
_aCervantes Saavedra, Miguel de, _d1547-1616- _xBiografías _2embne _937596 |
| 700 |
_aRodríguez Sahagún, Agustín, _d1932-1991 _eaut _9240884 |
||
| 830 | 0 |
_9226837 _aMatrice ; _v6 |
|
| 852 |
_aES-MaACL _cDEPO1 _jA-15632 _hDonación: Fernando Codina Rodríguez _xEncuadernación rústica con solapas _9205990 |
||
| 903 |
_aCodina Rodríguez, Fernando _ednr _9238631 |
||
| 942 |
_2udc _cMONOGRAFIA _n0 |
||
| 999 |
_c197548 _d197548 |
||